<?xml version="1.0" encoding="UTF-8"?>
<record
    xmlns:xsi="http://www.w3.org/2001/XMLSchema-instance"
    xsi:schemaLocation="http://www.loc.gov/MARC21/slim http://www.loc.gov/standards/marcxml/schema/MARC21slim.xsd"
    xmlns="http://www.loc.gov/MARC21/slim">

  <leader>01148nam a2200289 n 4500</leader>
  <controlfield tag="003">OSt</controlfield>
  <controlfield tag="005">20211227155543.0</controlfield>
  <controlfield tag="008">211227s2020    ii     e      000 f tam d</controlfield>
  <datafield tag="020" ind1=" " ind2=" ">
    <subfield code="c">RM70.00</subfield>
    <subfield code="q">paperback</subfield>
  </datafield>
  <datafield tag="040" ind1=" " ind2=" ">
    <subfield code="a">PPAK</subfield>
    <subfield code="b">eng</subfield>
    <subfield code="c">PPAK</subfield>
    <subfield code="e">rda</subfield>
  </datafield>
  <datafield tag="082" ind1="0" ind2="4">
    <subfield code="2">23</subfield>
    <subfield code="a">894.8113</subfield>
  </datafield>
  <datafield tag="090" ind1="0" ind2="0">
    <subfield code="a">894.8113</subfield>
    <subfield code="b">NIL</subfield>
    <subfield code="d">G</subfield>
  </datafield>
  <datafield tag="100" ind1="1" ind2=" ">
    <subfield code="6">880-01</subfield>
    <subfield code="a">N&#x12B;laka&#x1E47;&#x1E6D;a&#x1E49;, I&#x1E63;&#x101;&#x1E49;&#x101;,</subfield>
    <subfield code="e">author.</subfield>
  </datafield>
  <datafield tag="242" ind1=" " ind2=" ">
    <subfield code="a">Saya bukan nyata...! dan kau bukan mimpi...!</subfield>
    <subfield code="y">may</subfield>
  </datafield>
  <datafield tag="245" ind1="1" ind2="0">
    <subfield code="6">880-02</subfield>
    <subfield code="a">N&#x101;&#x1E49; nijamum alla...! N&#x12B;ka&#x1E49;avum alla...! /</subfield>
    <subfield code="c">I&#x1E63;&#x101;&#x1E49;&#x101; N&#x12B;laka&#x1E47;&#x1E6D;a&#x1E49;</subfield>
  </datafield>
  <datafield tag="264" ind1=" " ind2="1">
    <subfield code="a">Chennai, India : </subfield>
    <subfield code="b">Arivu Nilaiyam Patippakam, </subfield>
    <subfield code="c">2020</subfield>
  </datafield>
  <datafield tag="300" ind1=" " ind2=" ">
    <subfield code="a">332 pages ;</subfield>
    <subfield code="c">18 cm.</subfield>
  </datafield>
  <datafield tag="336" ind1=" " ind2=" ">
    <subfield code="2">rdacontent</subfield>
    <subfield code="a">text</subfield>
  </datafield>
  <datafield tag="337" ind1=" " ind2=" ">
    <subfield code="2">rdamedia</subfield>
    <subfield code="a">unmediated</subfield>
  </datafield>
  <datafield tag="338" ind1=" " ind2=" ">
    <subfield code="2">rdacarrier</subfield>
    <subfield code="a">volume</subfield>
  </datafield>
  <datafield tag="650" ind1="1" ind2="0">
    <subfield code="a">Tamil fiction </subfield>
  </datafield>
  <datafield tag="650" ind1="2" ind2="0">
    <subfield code="a">Man-woman relationships </subfield>
    <subfield code="v">Fiction</subfield>
  </datafield>
  <datafield tag="650" ind1="2" ind2="0">
    <subfield code="a">Man-woman relationships </subfield>
  </datafield>
  <datafield tag="880" ind1="1" ind2=" ">
    <subfield code="6">100-01</subfield>
    <subfield code="a">&#xBA8;&#xBC0;&#xBB2;&#xB95;&#xBA3;&#xBCD;&#xB9F;&#xBA9;&#xBCD;, &#xB87;&#xBB7;&#xBBE;&#xBA9;&#xBBE;,</subfield>
    <subfield code="e">&#xBA8;&#xBC2;&#xBB2;&#xBBE;&#xB9A;&#xBBF;&#xBB0;&#xBBF;&#xBAF;&#xBB0;&#xBCD;.</subfield>
  </datafield>
  <datafield tag="880" ind1="1" ind2="0">
    <subfield code="6">245-02</subfield>
    <subfield code="a">&#xBA8;&#xBBE;&#xBA9;&#xBCD; &#xBA8;&#xBBF;&#xB9C;&#xBAE;&#xBC1;&#xBAE;&#xBCD; &#xB85;&#xBB2;&#xBCD;&#xBB2;...! &#xBA8;&#xBC0;&#xB95;&#xBA9;&#xBB5;&#xBC1;&#xBAE;&#xBCD; &#xB85;&#xBB2;&#xBCD;&#xBB2;...! </subfield>
    <subfield code="c">&#xB87;&#xBB7;&#xBBE;&#xBA9;&#xBBE; &#xBA8;&#xBC0;&#xBB2;&#xB95;&#xBA3;&#xBCD;&#xB9F;&#xBA9;&#xBCD;</subfield>
  </datafield>
  <datafield tag="942" ind1=" " ind2=" ">
    <subfield code="2">ddc</subfield>
    <subfield code="c">B</subfield>
  </datafield>
  <datafield tag="999" ind1=" " ind2=" ">
    <subfield code="c">186677</subfield>
    <subfield code="d">186677</subfield>
  </datafield>
  <datafield tag="952" ind1=" " ind2=" ">
    <subfield code="0">0</subfield>
    <subfield code="7">0</subfield>
    <subfield code="b">PPAK</subfield>
    <subfield code="c">G</subfield>
    <subfield code="d">2022-02-08</subfield>
    <subfield code="l">1</subfield>
    <subfield code="o">894.8113 NIL</subfield>
    <subfield code="p">A01720891</subfield>
    <subfield code="r">2023-11-18 12:18:36</subfield>
    <subfield code="s">2023-10-22</subfield>
    <subfield code="y">B</subfield>
  </datafield>
  <datafield tag="952" ind1=" " ind2=" ">
    <subfield code="0">0</subfield>
    <subfield code="7">0</subfield>
    <subfield code="b">SP</subfield>
    <subfield code="c">G</subfield>
    <subfield code="d">2022-02-08</subfield>
    <subfield code="l">6</subfield>
    <subfield code="o">894.8113 NIL</subfield>
    <subfield code="p">A01720892</subfield>
    <subfield code="r">2024-03-11 13:40:59</subfield>
    <subfield code="s">2024-02-19</subfield>
    <subfield code="y">B</subfield>
  </datafield>
</record>
